Capitales du Monde. Niveau: DIFFICILE - Statistiques

Statistiques générales
  • Ce quiz a été pris 363 fois
  • Le résultat moyen est 11 sur 15
Statistiques - réponses
Pays Capitales % Correct
Singapour Singapour
93%
Uruguay Montevideo
90%
Bosnie-Herzégovine Sarajevo
85%
Serbie Belgrade
84%
Slovénie Ljubljana
83%
Équateur Quito
83%
Kenya Nairobi
82%
Slovaquie Bratislava
81%
Mali Bamako
79%
Vietnam Hanoï
77%
Kazakhstan Noursoultan
72%
Cote d'Ivoire Yamoussoukro
65%
Angola Luanda
56%
République Dominicaine Sainte Domingue
55%
Zimbabwe Harare
51%
Aucun quiz correspondant
Distribution des résultats
% des personnes avec chaque résultat
Percentile par nombre de réponses
Votre historique - résultats
Vous n’avez pas pris ce quiz